Hindustan robot (Record no. 6126)

MARC details
000 -LEADER
fixed length control field 00628 a2200193 4500
005 - DATE AND TIME OF LATEST TRANSACTION
control field 20080826114639.0
008 - FIXED-LENGTH DATA ELEMENTS--GENERAL INFORMATION
fixed length control field 080826t xxu||||| |||| 00| 1 eng d
010 ## - LIBRARY OF CONGRESS CONTROL NUMBER
LC control number ENG-87175
020 ## - INTERNATIONAL STANDARD BOOK NUMBER
Terms of availability 60.00
035 ## - SYSTEM CONTROL NUMBER
System control number EN-70708
037 ## - SOURCE OF ACQUISITION
Source of stock number/acquisition DBAD / PUB
082 ## - DEWEY DECIMAL CLASSIFICATION NUMBER
Classification number N
100 ## - MAIN ENTRY--PERSONAL NAME
Personal name George, V.J.
245 ## - TITLE STATEMENT
Title Hindustan robot
Remainder of title the international leader
Statement of responsibility, etc by V.J. George
260 ## - PUBLICATION, DISTRIBUTION, ETC. (IMPRINT)
Place of publication, distribution, etc Thiruvananthapuram
Name of publisher, distributor, etc India Books
Date of publication, distribution, etc 2006
300 ## - PHYSICAL DESCRIPTION
Extent 62 p.
Dimensions 21 cm. (Pbk.)
942 ## - ADDED ENTRY ELEMENTS (KOHA)
Institution code [OBSOLETE] dpl
Koha item type English Books
Call number prefix N / GEO
Source of classification or shelving scheme Dewey Decimal Classification
Classification part N
Call number suffix GEO
Holdings
Withdrawn status Lost status Damaged status Not for loan Home library Current library Date acquired Cost, normal purchase price Total Checkouts Full call number Barcode Date last seen Copy number Uniform Resource Identifier Cost, replacement price Price effective from Koha item type
        D.B.Act.Division D.B.Act.Division 26/08/2008 60.00   N GEO EN-70708 15/09/2008 1 6567 60.00 15/09/2008 English Books

© Delhi Public Library
Hit Counter
free hit counter